000 00416nam a2200145Ia 4500
008 210210b1970 xxu||||| |||| 00| 0 eng d
082 _a327.73 NIXU
100 _aNIXON (Richard).
245 _aUnited States foreign policy for the 1970's: a new strategy for peace.
260 _aCanada
_bBantam books
_c1970
300 _a120
650 _aForeign Policy USA
690 _aInternational Relations
906 _a028553
999 _c79796
_d79796